00670nam a2200217Ia 4500003000900000008004100009040001300050040001300063041000900076100001600085245008800101250001500189260001000204260000900214300001000223490000600233700001100239942000700250999001300257952018200270IT-RoPAU120407s9999 xx 000 0 und d aIT-RoPAU cIT-RoPAU alat  aA. Schmitt  aSumma theologiae moralis.- De sexto praecepto et de usu matrimonii - De sacramentis aOeniponte  aRauch c1945 c24 cm v1 aNoldin cBK c483d483 00102ddc406241_30000000000000071aPAULUSbPAULUSd2012-04-11l0o 241.30r2012-04-11 00:00:00w2012-04-11yBKzInserito da: In data: n.d. fondo: Via A.Severo 56 Progr:34283